| 000 | 00895nam a2200253 i 4500 | ||
|---|---|---|---|
| 001 | 64313 | ||
| 003 | ES-MaACL | ||
| 005 | 20250916063044.0 | ||
| 007 | t| | ||
| 008 | 031223s1969 sp ||||1| spa d | ||
| 017 |
_aB 29219-1972 _bOficina Depósito Legal Barcelona |
||
| 040 | _cES-MaACL | ||
| 100 | 1 |
_aFloriot, René _951336 _eaut |
|
| 245 | 1 | 4 |
_aLos errores judiciales / _cRené Floriot ; prólogo de Octavio Pérez-Vitoria ; [traducción Jesús Ruiz]. |
| 250 | _a[Primera edición]. | ||
| 260 |
_aBarcelona : _bNoguer, _c[1969] |
||
| 300 |
_aXV, 274 páginas ; _c22 cm. |
||
| 700 | 1 |
_aPérez-Vitoria Moreno, Octavio, _d1912-2010 _991201 |
|
| 700 | 1 |
_aRuiz, Jesús. _9100613 _etrl |
|
| 852 |
_aES-MaACL _jC-38367 _bR.71548 _966731 _cDEPO2 _xEncuadernación rústica |
||
| 942 |
_cMONOGRAFIA _n0 |
||
| 999 |
_c64313 _d64313 |
||